000 00691nam a2200253Ia 4500
003 OSt
005 20220925171249.0
006 a|||||r|||| 00| 0
007 ta
008 220923b |||||||| |||| 00| 0 eng d
020 _a3540578412
037 _cGeneral Book
040 _aRTL
_cRTL
_beng
041 _2eng
_aeng
082 _aX9(F55):8K, N4
100 _aHohmeyer O
_9238941
245 0 _aSocial costs of energy
260 _aBerlin
_bSpringer-Verlag
_c1994
300 _aviii, 430p Bibliography chapterwise
_ccm.
650 _a Fuel
650 _aindustrial Economics
942 _hX9(F55):8K, N4
_cGB
_2CC
999 _c482107
_d482107